000
00275nam a2200133Ia 4500
100
_a
Deitel/ H.M.
942
_c
BK
654
_a
Operating System
245
_a
Operating Systems
260
_b
Addison Wesley Pub
_c
1990
082
_a
5.43
546
_a
ENGLISH
999
_c
34414
_d
34414